[Event "AUS-ch Major"]
[Site "Sydney"]
[Date "2020.01.09"]
[Round "7"]
[White "Cervenjak, Mark"]
[Black "Qi, Kaibing"]
[Result "0-1"]
[WhiteElo "1506"]
[BlackElo "1596"]
[PlyCount "78"]
[EventDate "2020.01.02"]
[EventType "swiss"]
[EventRounds "11"]
[EventCountry "AUS"]
[SourceTitle "EXT 2021"]
[Source "ChessBase"]
[SourceDate "2020.10.23"]
[SourceVersion "1"]
[SourceVersionDate "2020.10.23"]
[SourceQuality "1"]

1. e4 c5 2. Nc3 Nc6 3. Bc4 g6 4. f4 Bg7 5. Nf3 e6 6. 0-0 Nge7 7. d3 d5 8. Bb3 0-0 9. Kh1 a6 10. Ng5 b5 11. a3 Nd4 12. Ba2 Bb7 13. Ne2 h6 14. Nxd4 cxd4 15. Nf3 dxe4 16. dxe4 Bxe4 17. Ne5 Rc8 18. Bb3 Nc6 19. Qe2 Bd5 20. Nxc6 Rxc6 21. Bxd5 Qxd5 22. Qd3 Rfc8 23. Rf2 Qf5 24. Rf1 Rxc2 25. Qxf5 exf5 26. h3 Re2 27. Rb1 Rcc2 28. b4 d3 29. a4 d2 30. Ba3 Ra2 31. Bc1 Re1 32. Bxd2 Rxf1+ 33. Rxf1 Rxd2 34. axb5 axb5 35. Rc1 Rb2 36. Rc8+ Bf8 37. Kh2 Rxb4 38. Rb8 Kg7 39. h4 Bd6 0-1